[Event "Veletrzni turnaj 2017 A "]
[Site "SÅ  informatiky, poÅ¡tovnictvÃ"]
[Date "2017.08.29"]
[Round "4.13"]
[White "Licka, Vlastimil"]
[Black "Khadash, Samuel"]
[Result "1-0"]
[WhiteElo "1931"]
[BlackElo "1389"]
[PlyCount "53"]
[EventDate "2017.08.27"]

1. Nf3 Nf6 2. d4 d5 3. e3 Bf5 4. c4 c6 5. Qb3 Qc7 6. cxd5 cxd5 7. Nc3 e6 8.
Bb5+ Nbd7 9. Ne5 a6 10. Qa4 Rd8 11. Bxd7+ Nxd7 12. Nxd7 Qxd7 13. O-O Qxa4 14.
Nxa4 Bd3 15. Re1 Bb4 16. Nc3 Bxc3 17. bxc3 Kd7 18. f3 Bg6 19. e4 Kc6 20. Rb1 f5
21. exd5+ Kc7 22. Bf4+ Kc8 23. dxe6 Rhe8 24. Rb4 b5 25. a4 Rd5 26. axb5 axb5
27. Re5 1-0

[Event "Veletrzni turnaj 2017 A "]
[Site "SÅ  informatiky, poÅ¡tovnictvÃ"]
[Date "2017.08.29"]
[Round "4.14"]
[White "Marsa, Alexandr"]
[Black "Richterova, Julie"]
[Result "1-0"]
[WhiteElo "1905"]
[BlackElo "1715"]
[PlyCount "143"]
[EventDate "2017.08.27"]

1. d4 Nf6 2. c4 e5 3. dxe5 Ng4 4. Nf3 Bc5 5. e3 Nc6 6. Be2 Ncxe5 7. O-O O-O 8.
Nc3 a5 9. Na4 Be7 10. Nxe5 Nxe5 11. b3 Re8 12. Bb2 Bf6 13. c5 Re6 14. Qc2 d6
15. cxd6 Rxd6 16. Rfd1 Be6 17. Rxd6 Qxd6 18. Rd1 Qe7 19. Nc5 Bc8 20. Ne4 Nd7
21. Nxf6+ Nxf6 22. Bxf6 gxf6 23. Rd4 h6 24. Re4 Be6 25. Bg4 Qd7 26. Rd4 Qe7 27.
Bxe6 fxe6 28. Qg6+ Qg7 29. Qxg7+ Kxg7 30. Rd7+ Kg6 31. Rxc7 a4 32. bxa4 Rxa4
33. Rc2 b5 34. Rb2 b4 35. Kf1 Kf5 36. Ke2 Ke4 37. Rd2 Ra3 38. f3+ Kf5 39. Rb2
Ke5 40. f4+ Kd5 41. Kf3 h5 42. h3 h4 43. Rxb4 Rxa2 44. Rb8 e5 45. e4+ Ke6 46.
Rb6+ Kf7 47. fxe5 fxe5 48. Rh6 Ra3+ 49. Kg4 Rg3+ 50. Kf5 Rxg2 51. Rxh4 Ra2 52.
Rh7+ Kg8 53. Rb7 Ra5 54. h4 Ra6 55. h5 Rh6 56. Kg5 Re6 57. h6 Kh8 58. Rf7 Ra6
59. h7 Rb6 60. Kf5 Rb5 61. Kg6 Rb6+ 62. Rf6 Rb8 63. Re6 Ra8 64. Rxe5 Ra6+ 65.
Kf7 Ra7+ 66. Re7 Ra6 67. e5 Kxh7 68. e6 Ra2 69. Rd7 Rf2+ 70. Ke8+ Kg6 71. e7
Re2 72. Kd8 1-0

[Event "Veletrzni turnaj 2017 A "]
[Site "SÅ  informatiky, poÅ¡tovnictvÃ"]
[Date "2017.08.29"]
[Round "4.15"]
[White "Barak, David"]
[Black "Blazek, Pavel"]
[Result "1/2-1/2"]
[WhiteElo "1785"]
[BlackElo "1749"]
[PlyCount "46"]
[EventDate "2017.08.27"]

1. d4 d5 2. c4 e6 3. Nc3 Nf6 4. cxd5 exd5 5. Bg5 Be7 6. Qc2 c6 7. e3 Bg4 8. Bd3
Nbd7 9. Nge2 Bh5 10. Ng3 Bg6 11. O-O Bxd3 12. Qxd3 O-O 13. Rad1 Ng4 14. Bxe7
Qxe7 15. Nf5 Qf6 16. f3 Nh6 17. Nxh6+ Qxh6 18. e4 Nf6 19. e5 Nh5 20. Ne2 g6 21.
f4 Ng7 22. Ng3 f5 23. exf6 Rxf6 1/2-1/2

[Event "Veletrzni turnaj 2017 A "]
[Site "SÅ  informatiky, poÅ¡tovnictvÃ"]
[Date "2017.08.29"]
[Round "4.16"]
[White "Tajovsky, Matej"]
[Black "Meszaros, Ludek"]
[Result "0-1"]
[WhiteElo "1657"]
[BlackElo "2170"]
[PlyCount "146"]
[EventDate "2017.08.27"]

1. e4 g6 2. Nf3 Bg7 3. d4 d6 4. Nc3 Bg4 5. Be2 Nf6 6. h3 Bxf3 7. Bxf3 Nc6 8.
Be3 O-O 9. O-O Nd7 10. Ne2 e5 11. c3 h6 12. Qd2 Kh7 13. g4 Qh4 14. Kh2 Rae8 15.
Rg1 Qd8 16. g5 h5 17. Ng3 Nb6 18. b3 d5 19. exd5 Nxd5 20. Be4 h4 21. Ne2 exd4
22. Bxd5 dxe3 23. fxe3 Ne5 24. Rad1 Qd6 25. Nf4 Rd8 26. Qf2 Qc5 27. Bxf7 Nxf7
28. Qxh4+ Kg8 29. Nxg6 Ne5 30. Nxe5 Bxe5+ 31. Kh1 Qxe3 32. Qg4 Rxd1 33. Rxd1
Qf3+ 34. Qxf3 Rxf3 35. Kg2 Rg3+ 36. Kf2 Rxh3 37. Rd5 Bd6 38. c4 Rh2+ 39. Kf3
Rxa2 40. Kg4 b6 41. Rf5 Rg2+ 42. Kh5 Rg3 43. Kg6 Rxb3 44. Rf7 Re3 45. Rg7+ Kf8
46. Rf7+ Ke8 47. Rg7 Re7 48. Rg8+ Kd7 49. Kh5 Re4 50. g6 Rxc4 51. g7 Be7 52.
Ra8 a5 53. g8=Q Rh4+ 54. Kg6 Rg4+ 55. Kf5 Rxg8 56. Rxg8 a4 57. Ke4 Kc6 58. Kd3
b5 59. Re8 Bd6 60. Kc3 Kc5 61. Re4 b4+ 62. Kc2 Kd5 63. Rg4 c5 64. Rh4 Be5 65.
Kb1 Bd4 66. Rh3 Kc4 67. Ka2 Kb5 68. Rh5 Bc3 69. Rf5 b3+ 70. Ka3 Bb4+ 71. Kb2
Bd2 72. Rh5 Kb4 73. Rh8 Bc3+ 0-1

[Event "Veletrzni turnaj 2017 A "]
[Site "SÅ  informatiky, poÅ¡tovnictvÃ"]
[Date "2017.08.29"]
[Round "4.17"]
[White "Cihal, Jan"]
[Black "Nezval, Filip"]
[Result "1-0"]
[WhiteElo "1832"]
[BlackElo "1640"]
[PlyCount "96"]
[EventDate "2017.08.27"]

1. e4 c6 2. d4 d5 3. f3 e6 4. Nc3 Bb4 5. Nge2 Ne7 6. Bg5 dxe4 7. fxe4 c5 8. a3
Bxc3+ 9. bxc3 Qc7 10. Ng3 h6 11. Be3 Bd7 12. Qd2 Bc6 13. Be2 Nd7 14. Bf3 Nf6
15. Bf4 Qd7 16. Be5 O-O-O 17. O-O Rdg8 18. Rad1 Ne8 19. Qe3 c4 20. Qe2 f6 21.
Qxc4 b5 22. Qc5 fxe5 23. d5 Qd6 24. Qxd6 Nxd6 25. dxc6 Nc4 26. Bg4 Ne3 27.
Bxe6+ Kb8 28. Rd7 Re8 29. c7+ Kb7 30. Rf7 Nc8 31. Bd5+ Nxd5 32. Rxd5 a6 33.
Rxg7 Nb6 34. Rd8 Kc6 35. Rxe8 Rxe8 36. Rg6+ Kxc7 37. Rxh6 Rd8 38. Ne2 Rd2 39.
Kf2 Rxc2 40. Kf3 Ra2 41. g4 Rxa3 42. g5 b4 43. Rh7+ Kc6 44. g6 Nc8 45. Rf7 b3
46. g7 b2 47. g8=Q b1=Q 48. Qxc8+ Kd6 1-0

[Event "Veletrzni turnaj 2017 A "]
[Site "SÅ  informatiky, poÅ¡tovnictvÃ"]
[Date "2017.08.29"]
[Round "4.18"]
[White "Fryda, Dominik"]
[Black "Habinova, Alice"]
[Result "1-0"]
[WhiteElo "1755"]
[BlackElo "1393"]
[PlyCount "47"]
[EventDate "2017.08.27"]

1. d4 d5 2. Nf3 Nf6 3. c4 e6 4. Nc3 Be7 5. Bg5 O-O 6. e3 b6 7. Bd3 Bb7 8. O-O
Nbd7 9. Rc1 Rc8 10. Qe2 h6 11. Bh4 c5 12. cxd5 exd5 13. Ba6 Qc7 14. Bg3 Qc6 15.
Ne5 Nxe5 16. Bxb7 Qxb7 17. Bxe5 Qd7 18. dxc5 bxc5 19. Rfd1 Qe6 20. Bxf6 Bxf6
21. Nxd5 Bd4 22. Nf4 Qf6 23. exd4 Qxf4 24. dxc5 1-0

[Event "Veletrzni turnaj 2017 A "]
[Site "SÅ  informatiky, poÅ¡tovnictvÃ"]
[Date "2017.08.29"]
[Round "4.19"]
[White "Strelec, Ladislav"]
[Black "Wunsch, Radek"]
[Result "0-1"]
[WhiteElo "1551"]
[BlackElo "1734"]
[PlyCount "62"]
[EventDate "2017.08.27"]

1. d4 Nf6 2. c4 c6 3. Nc3 d5 4. e3 e6 5. a3 Nbd7 6. Nf3 Bd6 7. c5 Bc7 8. b4 O-O
9. Qc2 e5 10. e4 exd4 11. Nxd4 dxe4 12. Be2 Nxc5 13. Be3 Nd3+ 14. Bxd3 exd3 15.
Qxd3 Ng4 16. O-O-O Nxe3 17. fxe3 Qe7 18. g3 a5 19. Nc2 axb4 20. axb4 Be6 21.
Kd2 Rfd8 22. Nd4 Qxb4 23. Rb1 Ra2+ 24. Ke1 Qa5 25. Kf1 Bh3+ 26. Ke1 c5 27. Qc4
cxd4 28. Qxa2 Qxc3+ 29. Qd2 Qc6 30. Ke2 Qg2+ 31. Kd3 dxe3+ 0-1

[Event "Veletrzni turnaj 2017 A "]
[Site "SÅ  informatiky, poÅ¡tovnictvÃ"]
[Date "2017.08.29"]
[Round "4.20"]
[White "Haupt, Jaromir"]
[Black "Koci, Milos"]
[Result "1-0"]
[WhiteElo "1728"]
[BlackElo "1302"]
[PlyCount "65"]
[EventDate "2017.08.27"]

1. e4 c5 2. d3 e6 3. g3 a6 4. Bg2 Qc7 5. Ne2 d6 6. O-O Nf6 7. f4 Nbd7 8. h3 Be7
9. Be3 O-O 10. g4 h6 11. Qe1 Re8 12. Nd2 Rb8 13. Nf3 b6 14. g5 hxg5 15. fxg5
Nh7 16. Qg3 Ndf8 17. h4 Qd8 18. e5 d5 19. Nf4 Ng6 20. h5 Nxf4 21. Bxf4 Nf8 22.
Kf2 g6 23. Qh4 Kg7 24. Rh1 Nd7 25. hxg6 Rh8 26. Qg4 Qg8 27. Rxh8 Qxh8 28. Rh1
Qg8 29. Rh7+ Kxg6 30. Qh5+ Kf5 31. Bh3+ Kxf4 32. Qxf7+ Qxf7 33. Rh4# 1-0

[Event "Veletrzni turnaj 2017 A "]
[Site "SÅ  informatiky, poÅ¡tovnictvÃ"]
[Date "2017.08.29"]
[Round "4.21"]
[White "Prokop, Jiri"]
[Black "Tajovsky, Simon"]
[Result "1-0"]
[WhiteElo "1701"]
[BlackElo "1293"]
[PlyCount "73"]
[EventDate "2017.08.27"]

1. f4 d5 2. Nf3 Nf6 3. d4 Bf5 4. e3 e6 5. Be2 Nbd7 6. O-O Be7 7. Ne5 O-O 8. Nd2
Nxe5 9. fxe5 Ne4 10. Nxe4 Bxe4 11. Bf3 Bxf3 12. Rxf3 c5 13. c3 c4 14. Qe2 b5
15. a3 a5 16. e4 dxe4 17. Qxe4 Qd5 18. Qg4 Kh8 19. Bd2 b4 20. axb4 axb4 21.
Rxa8 Rxa8 22. Rxf7 Bf8 23. cxb4 Qc6 24. Qf3 Ra1+ 25. Kf2 Qxf3+ 26. gxf3 Kg8 27.
Rc7 Rb1 28. Bc3 Rh1 29. Kg2 Rc1 30. Rxc4 Rc2+ 31. Kg3 Rc1 32. b5 Ra1 33. b6 Ra8
34. b7 Rb8 35. Rc7 h6 36. Ba5 g6 37. Bb6 1-0

[Event "Veletrzni turnaj 2017 A "]
[Site "SÅ  informatiky, poÅ¡tovnictvÃ"]
[Date "2017.08.29"]
[Round "4.23"]
[White "Zejda, Karel"]
[Black "Richter, Rudolf"]
[Result "1-0"]
[WhiteElo "1671"]
[BlackElo "1251"]
[PlyCount "67"]
[EventDate "2017.08.27"]

1. d4 d5 2. Nf3 Nf6 3. Bg5 e6 4. e3 Be7 5. Bd3 Nbd7 6. Nbd2 O-O 7. O-O c5 8. c3
b6 9. Rc1 Bb7 10. h3 Rc8 11. Qe2 c4 12. Bb1 b5 13. Bxf6 Bxf6 14. Rfe1 Re8 15.
Qd1 Qa5 16. Qc2 h6 17. e4 e5 18. exd5 Bxd5 19. dxe5 Nxe5 20. Nxe5 Bxe5 21. Rxe5
Rxe5 22. Qh7+ Kf8 23. Qh8+ Ke7 24. Qxc8 Be6 25. Qb7+ Kf6 26. Ne4+ Kf5 27. Nc5+
Kf6 28. Nxe6 Rxe6 29. Qf3+ Ke7 30. Rd1 Qc7 31. Bf5 Rf6 32. Qe4+ Kf8 33. Rd7 Qb8
34. Qe7+ 1-0

[Event "Veletrzni turnaj 2017 A "]
[Site "SÅ  informatiky, poÅ¡tovnictvÃ"]
[Date "2017.08.29"]
[Round "4.24"]
[White "Vavrinkova, Anna"]
[Black "Feldvabl, Vilem"]
[Result "1/2-1/2"]
[WhiteElo "1596"]
[BlackElo "1658"]
[PlyCount "60"]
[EventDate "2017.08.27"]

1. e4 e5 2. Nf3 Nf6 3. Nxe5 d6 4. Nf3 Nxe4 5. d4 d5 6. Bd3 Bf5 7. O-O Be7 8.
Re1 O-O 9. c4 c6 10. Qc2 Bg6 11. Ne5 Nf6 12. Nxg6 hxg6 13. Nc3 Bb4 14. b3 Bxc3
15. Qxc3 Nbd7 16. Bg5 Qc7 17. Re3 Rae8 18. Rae1 Qb8 19. h3 Rxe3 20. Rxe3 Re8
21. Rf3 Ne4 22. Bxe4 Rxe4 23. Be3 Nf6 24. cxd5 Nxd5 25. Qd3 Qe8 26. Qd2 a6 27.
Kf1 Qe7 28. Bg5 f6 29. Bf4 Nxf4 30. Rxf4 g5 1/2-1/2

[Event "Veletrzni turnaj 2017 A "]
[Site "SÅ  informatiky, poÅ¡tovnictvÃ"]
[Date "2017.08.29"]
[Round "4.25"]
[White "Ivan, Laszlo"]
[Black "Khadash, Kamil"]
[Result "0-1"]
[WhiteElo "1482"]
[BlackElo "1540"]
[PlyCount "74"]
[EventDate "2017.08.27"]

1. e4 c6 2. d4 d5 3. e5 Bf5 4. Bd3 Bxd3 5. Qxd3 e6 6. Ne2 Nd7 7. O-O Ne7 8. c3
Nf5 9. Nd2 c5 10. Qb5 Qc7 11. Nb3 a6 12. Qa5 b6 13. Qa4 b5 14. Qa5 Qb7 15. dxc5
Nxc5 16. Nbd4 Ne7 17. b3 Nc8 18. Ba3 Nb6 19. Bxc5 Bxc5 20. Nxb5 O-O 21. Nbd4
Rfc8 22. Rfc1 Qa7 23. Rc2 Nd7 24. f4 Bb6 25. Qa3 Bxd4+ 26. Nxd4 Rxc3 27. Rd2
Rac8 28. Rad1 Nc5 29. Kf1 Ne4 30. Re2 Qb6 31. Qb2 h5 32. g3 h4 33. gxh4 Rh3 34.
Rc2 Rxc2 35. Qxc2 Rxh4 36. Kg2 Rxf4 37. Kh1 Nf2+ 0-1

[Event "Veletrzni turnaj 2017 A "]
[Site "SÅ  informatiky, poÅ¡tovnictvÃ"]
[Date "2017.08.30"]
[Round "5.1"]
[White "Romanov, Sergey"]
[Black "Mikes, Jan"]
[Result "0-1"]
[WhiteElo "2111"]
[BlackElo "2253"]
[PlyCount "68"]
[EventDate "2017.08.27"]

1. e4 c5 2. Nf3 d6 3. d4 cxd4 4. Nxd4 Nf6 5. Nc3 a6 6. Be2 e5 7. Nb3 Be7 8. O-O
O-O 9. Be3 Be6 10. Qd3 Nc6 11. a3 Rc8 12. Nd5 Bxd5 13. exd5 e4 14. Qd2 Ne5 15.
Rfc1 b5 16. Na5 Qd7 17. c4 bxc4 18. Nxc4 Rxc4 19. Bxc4 Qg4 20. Qd1 Qxd1+ 21.
Rxd1 Nxc4 22. b4 Nxe3 23. fxe3 Ng4 24. Rac1 Bg5 25. Rc6 Bxe3+ 26. Kf1 f5 27. h3
Ne5 28. Rxd6 Rc8 29. Re6 Nd3 30. d6 Rc2 31. d7 Rf2+ 32. Kg1 Rd2+ 33. Kf1 Rxd1+
34. Ke2 Re1# 0-1

[Event "Veletrzni turnaj 2017 A"]
[Site "SÅ  informatiky, poÅ¡tovnictvÃ"]
[Date "2017.08.30"]
[Round "5.2"]
[White "Hajek, Oskar"]
[Black "Pribyl, Rene"]
[Result "1-0"]
[WhiteElo "2116"]
[BlackElo "1988"]
[PlyCount "43"]
[EventDate "2017.08.27"]

1. e4 e5 2. Nf3 Nf6 3. d4 Nxe4 4. Bd3 d5 5. Nxe5 Be7 6. O-O O-O 7. Re1 Nf6 8.
c4 c6 9. Nc3 Nbd7 10. Bg5 h6 11. Bh4 dxc4 12. Bxc4 Nb6 13. Ng6 Bb4 14. Bb3 Re8
15. Rxe8+ Qxe8 16. Bxf6 gxf6 17. Qf3 Kg7 18. Nf4 Bxc3 19. Nh5+ Kg6 20. Qxf6+
Kxh5 21. Bd1+ Bg4 22. Qf5+ 1-0

[Event "Veletrzni turnaj 2017 A"]
[Site "SÅ  informatiky, poÅ¡tovnictvÃ"]
[Date "2017.08.30"]
[Round "5.3"]
[White "Habina, Martin"]
[Black "Tikovsky, Alexandr"]
[Result "0-1"]
[WhiteElo "1972"]
[BlackElo "2168"]
[PlyCount "63"]
[EventDate "2017.08.27"]

1. e4 g6 2. d4 Bg7 3. Nc3 d6 4. h3 a6 5. Bg5 b5 6. Nf3 Bb7 7. Qd2 Nd7 8. Be2 c5
9. O-O cxd4 10. Nxd4 Ngf6 11. a3 O-O 12. Rfe1 Rc8 13. Rad1 Ne5 14. f4 Nc4 15.
Bxc4 Rxc4 16. Nce2 Re8 17. c3 Nd7 18. Bh4 Nb6 19. Nc2 Rc8 20. Ne3 Bh6 21. Qd4
Na4 22. Rb1 Nc5 23. Qd2 d5 24. e5 Nd7 25. Qd4 Qb6 26. Bf2 Qxd4 27. cxd4 Nb6 28.
Nc3 Rc7 29. Rbd1 Bf8 30. Rc1 Rec8 31. e6 f6 32. Rcd1 0-1

[Event "Veletrzni turnaj 2017 A"]
[Site "SÅ  informatiky, poÅ¡tovnictvÃ"]
[Date "2017.08.30"]
[Round "5.4"]
[White "Straka, Vojtech"]
[Black "Hosek, Martin"]
[Result "1/2-1/2"]
[WhiteElo "1830"]
[BlackElo "2122"]
[PlyCount "52"]
[EventDate "2017.08.27"]

1. c4 Nf6 2. Nc3 d5 3. cxd5 Nxd5 4. g3 Nxc3 5. bxc3 g6 6. Bg2 Bg7 7. Rb1 Nd7 8.
Nf3 O-O 9. O-O c5 10. d4 Qa5 11. Qb3 Nf6 12. Nd2 Rd8 13. Nc4 Qa6 14. Ne5 e6 15.
Bxb7 Bxb7 16. Qxb7 Qxb7 17. Rxb7 cxd4 18. Nc6 Rd6 19. Nxd4 Nd5 20. Bb2 Nxc3 21.
Bxc3 Bxd4 22. Bxd4 Rxd4 23. Rc1 a5 24. Rcc7 Rf8 25. Ra7 Ra4 26. Rc2 Rd8 1/2-1/2

[Event "Veletrzni turnaj 2017 A"]
[Site "SÅ  informatiky, poÅ¡tovnictvÃ"]
[Date "2017.08.30"]
[Round "5.5"]
[White "Popper, Tomas"]
[Black "Snorek, Milan"]
[Result "1-0"]
[WhiteElo "2025"]
[BlackElo "1984"]
[PlyCount "95"]
[EventDate "2017.08.27"]

1. Nf3 d5 2. b4 Nf6 3. Bb2 Bf5 4. e3 e6 5. b5 Nbd7 6. d3 Bd6 7. Nbd2 O-O 8. Be2
h6 9. O-O Qe7 10. d4 Ba3 11. Bxa3 Qxa3 12. c4 c6 13. Qc1 Qxc1 14. Rfxc1 Rfc8
15. a4 cxb5 16. axb5 dxc4 17. Nxc4 Ne4 18. Ne1 Nb6 19. f3 Nf6 20. Nd6 Rxc1 21.
Rxc1 a5 22. e4 Bg6 23. Nxb7 a4 24. Nd3 Nfd7 25. Kf2 f5 26. Ke3 fxe4 27. fxe4 a3
28. Ndc5 e5 29. Nxd7 exd4+ 30. Kxd4 Ra4+ 31. Kc3 Nxd7 32. Bc4+ Kf8 33. Nd6 Nb6
34. Bb3 Ra7 35. Kb4 Ke7 36. Nf5+ Kf8 37. Ra1 Be8 38. Nd6 Bd7 39. Rxa3 Rxa3 40.
Kxa3 Ke7 41. Nc4 Nc8 42. Kb4 Be6 43. b6 Bxc4 44. b7 Na7 45. Bxc4 Nc6+ 46. Kb5
Nb8 47. Kb6 Kd6 48. Bb5 1-0

[Event "Veletrzni turnaj 2017 A"]
[Site "SÅ  informatiky, poÅ¡tovnictvÃ"]
[Date "2017.08.30"]
[Round "5.6"]
[White "Veznik, Michael"]
[Black "Zpevakova, Jana"]
[Result "1-0"]
[WhiteElo "1797"]
[BlackElo "2134"]
[PlyCount "100"]
[EventDate "2017.08.27"]

1. e4 e6 2. Qe2 c5 3. g3 Nc6 4. Bg2 Bd6 5. Nf3 Bc7 6. Nc3 a6 7. a4 Nge7 8. O-O
O-O 9. Qc4 d6 10. Rb1 Rb8 11. d4 b5 12. Qd3 c4 13. Qd1 b4 14. Ne2 f6 15. d5
exd5 16. exd5 Ne5 17. Nfd4 Qe8 18. f4 Ng4 19. h3 Nh6 20. Nc6 Bb6+ 21. Kh2 Nxc6
22. dxc6 Bf5 23. Nd4 Be4 24. Re1 d5 25. Bxe4 dxe4 26. f5 Bxd4 27. Bxh6 Be5 28.
Qg4 Rf7 29. Rxe4 Qxc6 30. Rxc4 Qxa4 31. Re1 Qb5 32. Rxe5 fxe5 33. f6 g6 34.
Rc8+ Qe8 35. Rxe8+ Rxe8 36. Bg7 e4 37. h4 e3 38. Qe2 h5 39. Bh6 Rxf6 40. Bxe3
Re4 41. Qd3 Rfe6 42. Bg5 Re2+ 43. Kh3 R2e4 44. Qd2 a5 45. Qd8+ Kg7 46. Qxa5 Re2
47. Qxb4 R6e4 48. Qc3+ Kg8 49. b4 Rf2 50. Qc6 Re6 1-0

[Event "Veletrzni turnaj 2017 A"]
[Site "SÅ  informatiky, poÅ¡tovnictvÃ"]
[Date "2017.08.30"]
[Round "5.7"]
[White "Pokorny, Petr"]
[Black "Marsa, Alexandr"]
[Result "1-0"]
[WhiteElo "2160"]
[BlackElo "1905"]
[PlyCount "53"]
[EventDate "2017.08.27"]

1. d4 Nf6 2. c4 e6 3. Nc3 Bb4 4. Qc2 O-O 5. a3 Bxc3+ 6. Qxc3 b6 7. Bg5 Bb7 8.
e3 d6 9. f3 c5 10. Bd3 Nc6 11. dxc5 bxc5 12. Ne2 Qa5 13. Kf2 Qxc3 14. Nxc3 Ne8
15. Rhd1 h6 16. Bf4 g5 17. Bg3 f5 18. Kg1 Kf7 19. Be2 Rd8 20. Rd2 Na5 21. Rad1
Ba6 22. Bxd6 Nxd6 23. Rxd6 Rxd6 24. Rxd6 Bxc4 25. Rd7+ Kf6 26. Rxa7 Bxe2 27.
Rxa5 1-0

[Event "Veletrzni turnaj 2017 A"]
[Site "SÅ  informatiky, poÅ¡tovnictvÃ"]
[Date "2017.08.30"]
[Round "5.8"]
[White "Licka, Vlastimil"]
[Black "Hrdlicka, Vladan"]
[Result "1-0"]
[WhiteElo "1931"]
[BlackElo "1781"]
[PlyCount "63"]
[EventDate "2017.08.27"]

1. Nf3 Nf6 2. e3 b6 3. d4 e6 4. Bd3 Bb7 5. Qe2 d5 6. O-O c5 7. b3 Nc6 8. Bb2
Be7 9. Nbd2 cxd4 10. exd4 Nb4 11. Bb5+ Nd7 12. Ne5 Bc8 13. a3 Nxc2 14. Rac1 O-O
15. Rxc2 Nb8 16. Rfc1 Nd7 17. Nc6 Qe8 18. Nxe7+ Qxe7 19. Rc7 a6 20. Bc6 Rb8 21.
Bxd7 Bxd7 22. Qxa6 Qd6 23. Qd3 b5 24. Qg3 Qxg3 25. hxg3 Rfd8 26. Bc3 Kf8 27.
Bb4+ Ke8 28. f4 h5 29. Nf3 f6 30. f5 Rbc8 31. fxe6 Rxc7 32. Rxc7 1-0

[Event "Veletrzni turnaj 2017 A"]
[Site "SÅ  informatiky, poÅ¡tovnictvÃ"]
[Date "2017.08.30"]
[Round "5.9"]
[White "Hruza, Dominik"]
[Black "Zuziak, Petr"]
[Result "1/2-1/2"]
[WhiteElo "1841"]
[BlackElo "1905"]
[PlyCount "47"]
[EventDate "2017.08.27"]

1. e4 Nc6 2. Nf3 d6 3. d4 Bg4 4. Nc3 Nf6 5. Be3 e6 6. h3 Bh5 7. d5 exd5 8. exd5
Ne5 9. g4 Bg6 10. Nd2 h5 11. g5 Ng8 12. f4 Nd7 13. Nf3 Ne7 14. Nh4 Nf5 15. Nxf5
Bxf5 16. Qe2 Qe7 17. O-O-O a6 18. Re1 O-O-O 19. Qc4 f6 20. h4 g6 21. Bd3 Bxd3
22. Qxd3 Qf7 23. Qd4 Bg7 24. Qa7 1/2-1/2

[Event "Veletrzni turnaj 2017 A"]
[Site "SÅ  informatiky, poÅ¡tovnictvÃ"]
[Date "2017.08.30"]
[Round "5.10"]
[White "Chudinovskikh, Alexander M"]
[Black "Rehurek, Karel"]
[Result "1-0"]
[WhiteElo "2229"]
[BlackElo "1826"]
[PlyCount "101"]
[EventDate "2017.08.27"]

1. d4 Nf6 2. Nf3 g6 3. c4 Bg7 4. Nc3 d5 5. e3 O-O 6. Bd2 b6 7. Be2 Ba6 8. Ne5
dxc4 9. O-O Bb7 10. Bxc4 e6 11. Rc1 Nbd7 12. Qe2 c5 13. Rfd1 cxd4 14. exd4 Nd5
15. Nxd5 exd5 16. Bb5 Nxe5 17. dxe5 a6 18. Bc6 Bxc6 19. Rxc6 Qe8 20. Rxb6 Bxe5
21. Qd3 Qa4 22. Re1 Qd4 23. Qxd4 Bxd4 24. Rb7 Rfe8 25. Kf1 Rxe1+ 26. Kxe1 Re8+
27. Kf1 Kg7 28. b3 Rc8 29. Rb4 Bc3 30. Bxc3+ Rxc3 31. Ra4 Rc6 32. Ke2 Kf6 33.
Kd3 Ke5 34. f4+ Kf5 35. g3 h5 36. h3 Ke6 37. Kd4 Rd6 38. g4 hxg4 39. hxg4 Rb6
40. Ra5 Rb4+ 41. Ke3 Rb6 42. Kd3 f6 43. Kc3 g5 44. Kd4 Rb4+ 45. Kc5 Rb5+ 46.
Rxb5 axb5 47. a4 bxa4 48. bxa4 gxf4 49. a5 d4 50. Kc4 Kd6 51. a6 1-0

[Event "Veletrzni turnaj 2017 A"]
[Site "SÅ  informatiky, poÅ¡tovnictvÃ"]
[Date "2017.08.30"]
[Round "5.11"]
[White "Meszaros, Ludek"]
[Black "Fryda, Dominik"]
[Result "0-1"]
[WhiteElo "2170"]
[BlackElo "1755"]
[PlyCount "68"]
[EventDate "2017.08.27"]

1. Nf3 Nf6 2. g3 g6 3. Bg2 Bg7 4. O-O O-O 5. c4 c5 6. Nc3 Nc6 7. d4 cxd4 8.
Nxd4 a6 9. Nc2 d6 10. e4 Be6 11. Ne3 Rc8 12. Rb1 Na5 13. b3 b5 14. Ncd5 bxc4
15. b4 Nb7 16. Qe2 Nxd5 17. exd5 Bd7 18. Re1 Bb5 19. Qc2 Qd7 20. Qe4 Rc7 21.
Qh4 c3 22. Be4 Ba4 23. Bc2 Bf6 24. Qe4 Rfc8 25. Ng4 Bg7 26. Nh6+ Kf8 27. Qf3
Nd8 28. Bxa4 Qxa4 29. Bg5 c2 30. Rbc1 Bb2 31. Ng4 Bxc1 32. Bxc1 Qxb4 33. Nf6
Qxe1+ 34. Kg2 Qxc1 0-1

[Event "Veletrzni turnaj 2017 A"]
[Site "SÅ  informatiky, poÅ¡tovnictvÃ"]
[Date "2017.08.30"]
[Round "5.12"]
[White "Barak, David"]
[Black "Krejci, Petr"]
[Result "1/2-1/2"]
[WhiteElo "1785"]
[BlackElo "2077"]
[PlyCount "47"]
[EventDate "2017.08.27"]

1. d4 d5 2. Bg5 Nd7 3. Nf3 Ngf6 4. e3 c6 5. c4 Ne4 6. Bh4 Qa5+ 7. Nbd2 e6 8. a3
Ndf6 9. Bd3 Nxd2 10. Nxd2 Be7 11. O-O Qd8 12. b4 dxc4 13. Nxc4 Nd5 14. Bxe7
Qxe7 15. e4 Nb6 16. d5 cxd5 17. Nxb6 axb6 18. exd5 exd5 19. Bb5+ Kf8 20. Qxd5
Be6 21. Qd4 Rd8 22. Qe3 h6 23. Rfd1 Qg5 24. Qxb6 1/2-1/2

[Event "Veletrzni turnaj 2017 A"]
[Site "SÅ  informatiky, poÅ¡tovnictvÃ"]
[Date "2017.08.30"]
[Round "5.13"]
[White "Glozar, Petr"]
[Black "Stehlik, Jiri"]
[Result "0-1"]
[WhiteElo "1740"]
[BlackElo "1989"]
[PlyCount "60"]
[EventDate "2017.08.27"]

1. e4 c5 2. Nc3 Nc6 3. Bb5 Nd4 4. Nf3 Nxb5 5. Nxb5 d6 6. O-O a6 7. Nc3 e5 8. d3
Nf6 9. Bg5 Be7 10. Bxf6 Bxf6 11. h3 Be6 12. Nd5 Bxd5 13. exd5 g6 14. Nd2 O-O
15. Ne4 Bg7 16. c4 f5 17. Nc3 Bh6 18. Qc2 Qd7 19. Rae1 b5 20. b3 Kh8 21. Ne2 g5
22. Ng3 Rf7 23. Qd1 Rg8 24. Kh1 g4 25. hxg4 Rxg4 26. Qf3 Rf6 27. Kg1 Rfg6 28.
Re2 f4 29. Ne4 Rxg2+ 30. Kh1 R2g4 0-1

[Event "Veletrzni turnaj 2017 A"]
[Site "SÅ  informatiky, poÅ¡tovnictvÃ"]
[Date "2017.08.30"]
[Round "5.14"]
[White "Spodny, Josef"]
[Black "Haupt, Jaromir"]
[Result "1/2-1/2"]
[WhiteElo "1889"]
[BlackElo "1728"]
[PlyCount "74"]
[EventDate "2017.08.27"]

1. e4 d6 2. d4 Nf6 3. Nc3 g6 4. f3 c6 5. Be3 b5 6. Qd2 a6 7. Bh6 Bxh6 8. Qxh6
Nbd7 9. Nh3 b4 10. Nd1 Qb6 11. Qd2 c5 12. d5 a5 13. Ne3 Qc7 14. Nf2 Ba6 15.
Bxa6 Rxa6 16. Qe2 Qa7 17. Nc4 Nb6 18. Nxb6 Rxb6 19. Nd1 a4 20. Ne3 Nd7 21. Nc4
Rb7 22. O-O O-O 23. f4 Nb6 24. Nxb6 Qxb6 25. Qc4 b3 26. cxb3 Qa7 27. Rf2 Rb4
28. Qe2 Rfb8 29. Rc1 Rd4 30. Rc4 Rb4 31. Rxb4 cxb4 32. bxa4 Qxa4 33. b3 Qa7 34.
g3 Qc5 35. h3 Qc3 36. Rf3 Qc1+ 37. Rf1 Qc3 1/2-1/2

[Event "Veletrzni turnaj 2017 A"]
[Site "SÅ  informatiky, poÅ¡tovnictvÃ"]
[Date "2017.08.30"]
[Round "5.15"]
[White "Wunsch, Radek"]
[Black "Macurek, Miloslav"]
[Result "0-1"]
[WhiteElo "1734"]
[BlackElo "1854"]
[PlyCount "31"]
[EventDate "2017.08.27"]

1. e4 e6 2. d4 d5 3. e5 c5 4. c3 Nc6 5. Nf3 Bd7 6. a3 f6 7. exf6 Nxf6 8. Bd3
Bd6 9. O-O Qb6 10. dxc5 Bxc5 11. b4 Bxf2+ 12. Rxf2 Ng4 13. Nd4 e5 14. Re2 O-O
15. Kh1 exd4 16. Qc2 0-1

[Event "Veletrzni turnaj 2017 A"]
[Site "SÅ  informatiky, poÅ¡tovnictvÃ"]
[Date "2017.08.30"]
[Round "5.16"]
[White "Prokop, Jiri"]
[Black "Cihal, Jan"]
[Result "1-0"]
[WhiteElo "1701"]
[BlackElo "1832"]
[PlyCount "67"]
[EventDate "2017.08.27"]

1. f4 c5 2. e3 Nc6 3. Nf3 d5 4. d4 e6 5. c3 Bd7 6. Bd3 a6 7. O-O f5 8. Ne5 Nxe5
9. fxe5 h5 10. Nd2 g6 11. Nf3 Be7 12. Qe1 h4 13. h3 Qb6 14. Qe2 Nh6 15. Nh2 Nf7
16. Nf3 Nd8 17. Kh1 Nc6 18. Rb1 Qc7 19. Bd2 c4 20. Bc2 b5 21. a3 Na5 22. Qf2
Bc6 23. e4 dxe4 24. Ng5 Bxg5 25. Bxg5 Qh7 26. Qe3 Bd5 27. Rf4 Kd7 28. Bf6 Rhg8
29. Rxh4 Qf7 30. Qg5 Kc6 31. Re1 Kb6 32. Re3 Bc6 33. Rg3 Be8 34. Bd8+ 1-0